[Event "Moscow Aeroflot op-A"]
[Site "Moscow"]
[Date "2024.03.05"]
[Round "5"]
[White "Zhalmakhanov, Ramazan"]
[Black "Piliposyan, Robert"]
[Result "1/2-1/2"]
[WhiteElo "2480"]
[BlackElo "2368"]
[PlyCount "70"]
[EventDate "2024.03.03"]
[EventType "swiss"]
[EventRounds "9"]
[EventCountry "RUS"]
[SourceTitle "CB11_2024"]
[SourceDate "2024.03.13"]
[SourceVersion "1"]
[SourceVersionDate "2024.03.13"]
[SourceQuality "1"]

1. e4 e5 2. Nf3 Nc6 3. Bb5 a6 4. Ba4 Nf6 5. d3 b5 6. Bb3 Bc5 7. Nc3 h6 8. Nd5 d6 9. c3 0-0 10. Nxf6+ Qxf6 11. Bd5 Bd7 12. Rg1 h5 13. Bg5 Qg6 14. Qd2 Rae8 15. Nh4 Qh7 16. Nf5 Kh8 17. 0-0-0 f6 18. Be3 Bxe3 19. Nxe3 Ne7 20. Bb3 f5 21. f3 Qh6 22. Kb1 a5 23. d4 exd4 24. cxd4 fxe4 25. fxe4 Nc6 26. Bc2 Nb4 27. Rge1 Qe6 28. b3 Qg6 29. Nd5 Nxd5 30. exd5 Bf5 31. Rxe8 Rxe8 32. Rc1 Bxc2+ 33. Rxc2 Qf5 34. Kb2 Qxd5 35. Rxc7 Re4 1/2-1/2

[Event "ARM-ch HL 84th"]
[Site "Yerevan"]
[Date "2024.01.16"]
[Round "5"]
[White "Piliposyan, Robert"]
[Black "Petrosyan, Manuel"]
[Result "0-1"]
[WhiteElo "2367"]
[BlackElo "2627"]
[PlyCount "90"]
[EventDate "2024.01.12"]
[EventType "tourn"]
[EventRounds "9"]
[EventCountry "ARM"]
[EventCategory "10"]
[SourceTitle "CB04_2024"]
[SourceDate "2023.10.16"]
[SourceVersion "1"]
[SourceVersionDate "2023.10.16"]
[SourceQuality "1"]

1. d4 Nf6 2. c4 c5 3. d5 g6 4. Nc3 Bg7 5. e4 d6 6. Nf3 0-0 7. Be2 e6 8. 0-0 exd5 9. exd5 Bg4 10. h3 Bxf3 11. Bxf3 Nbd7 12. Bf4 Ne8 13. Qd2 f5 14. Be2 Be5 15. Bg5 Ndf6 16. Be3 Qa5 17. Rac1 a6 18. a3 Rb8 19. b4 Qxa3 20. bxc5 dxc5 21. Nb1 Qb4 22. Qxb4 cxb4 23. f4 Bc7 24. c5 Nxd5 25. Bc4 Nef6 26. Bd4 b5 27. Ba2 Rf7 28. c6 Kf8 29. Bc5+ Kg7 30. Bd4 Nxf4 31. Rce1 a5 32. g3 Nxh3+ 33. Kg2 Ng5 34. g4 f4 35. Bxf7 Kxf7 36. Be5 f3+ 37. Kg3 Nge4+ 38. Kf4 g5+ 39. Kf5 Bxe5 40. Kxe5 Re8+ 41. Kd4 f2 42. Rc1 Ke7 43. Ke3 Kd6 44. Kf3 Kc7 45. Rfd1 Re6 0-1

[Event "ARM-ch HL 84th"]
[Site "Yerevan"]
[Date "2024.01.15"]
[Round "4"]
[White "Gharibyan, Mamikon"]
[Black "Piliposyan, Robert"]
[Result "1-0"]
[WhiteElo "2504"]
[BlackElo "2367"]
[PlyCount "117"]
[EventDate "2024.01.12"]
[EventType "tourn"]
[EventRounds "9"]
[EventCountry "ARM"]
[EventCategory "10"]
[SourceTitle "CB04_2024"]
[SourceDate "2023.10.16"]
[SourceVersion "1"]
[SourceVersionDate "2023.10.16"]
[SourceQuality "1"]

1. d4 Nf6 2. c4 e6 3. Nf3 d5 4. Nc3 c6 5. cxd5 exd5 6. Bf4 Bd6 7. Bxd6 Qxd6 8. e3 Bf5 9. Nh4 Be6 10. Bd3 0-0 11. h3 Qe7 12. Nf3 Nbd7 13. 0-0 Ne8 14. Qb1 g6 15. b4 Nd6 16. b5 Bf5 17. Bxf5 Nxf5 18. bxc6 bxc6 19. Rc1 Rab8 20. Qc2 Rfc8 21. Rab1 Nb6 22. Ne5 Qd6 23. Na4 Ne7 24. Nc5 f6 25. Ned3 Nc4 26. Rb3 Rb6 27. Qc3 Rcb8 28. Nb2 Nxb2 29. Qxb2 Nc8 30. Qa3 Qe7 31. Qa4 Qd6 32. g3 Rxb3 33. axb3 Rb6 34. Nd3 Qd7 35. h4 Qb7 36. Nc5 Qe7 37. Ra1 Qc7 38. Qa5 Qe7 39. Ra2 Qc7 40. Kg2 Qe7 41. Ra1 Qc7 42. h5 gxh5 43. Rh1 Nd6 44. Rxh5 Qe7 45. Rh4 Kh8 46. Rf4 Kg7 47. Qa1 Nf7 48. Qb1 Nh6 49. Rh4 f5 50. Qh1 Qd6 51. Rh5 Rb8 52. Qh4 Re8 53. Nb7 Qe6 54. Qg5+ Qg6 55. Nd6 Rf8 56. Qe7+ Rf7 57. Nxf7 Qxh5 58. Ng5+ Kg6 59. Ne6 1-0

[Event "ARM-ch HL 84th"]
[Site "Yerevan"]
[Date "2024.01.13"]
[Round "2"]
[White "Andriasian, Zaven"]
[Black "Piliposyan, Robert"]
[Result "1-0"]
[WhiteElo "2581"]
[BlackElo "2367"]
[PlyCount "59"]
[EventDate "2024.01.12"]
[EventType "tourn"]
[EventRounds "9"]
[EventCountry "ARM"]
[EventCategory "10"]
[SourceTitle "CB04_2024"]
[SourceDate "2023.10.16"]
[SourceVersion "1"]
[SourceVersionDate "2023.10.16"]
[SourceQuality "1"]

1. e4 e5 2. Nf3 Nc6 3. Bc4 Nf6 4. d3 Bc5 5. Nbd2 0-0 6. 0-0 d6 7. c3 a5 8. h3 Ba7 9. Re1 Be6 10. Bb5 Ne7 11. d4 Ng6 12. Nf1 exd4 13. Nxd4 d5 14. exd5 Qxd5 15. Nxe6 fxe6 16. Qxd5 exd5 17. Be3 Bxe3 18. Nxe3 c6 19. Bf1 Rae8 20. Rad1 b5 21. Nc2 Rxe1 22. Rxe1 Re8 23. Rxe8+ Nxe8 24. Nd4 Ne7 25. Nxc6 Nxc6 26. Bxb5 Ne5 27. Bxe8 Nd3 28. Kf1 Nxb2 29. Ke2 Kf8 30. Bc6 1-0

[Event "Wch U16"]
[Site "Montesilvano"]
[Date "2023.11.21"]
[Round "8"]
[White "Macias Pino, Diego"]
[Black "Piliposyan, Robert"]
[Result "1/2-1/2"]
[WhiteElo "2457"]
[BlackElo "2345"]
[PlyCount "68"]
[EventDate "2023.11.13"]
[EventType "swiss"]
[EventRounds "11"]
[EventCountry "ITA"]
[SourceTitle "CB48_2023"]
[SourceDate "2023.11.29"]
[SourceVersion "1"]
[SourceVersionDate "2023.11.29"]
[SourceQuality "1"]

1. e4 c5 2. Nf3 e6 3. d4 cxd4 4. Nxd4 Nf6 5. Nc3 Nc6 6. Ndb5 d6 7. Bf4 e5 8. Bg5 a6 9. Na3 b5 10. Bxf6 gxf6 11. Nd5 Bg7 12. g3 f5 13. Bg2 f4 14. c3 0-0 15. Nc2 a5 16. 0-0 Ne7 17. a4 Nxd5 18. Qxd5 Be6 19. Qd2 bxa4 20. Rxa4 Qb6 21. b4 axb4 22. Rxa8 Rxa8 23. Nxb4 fxg3 24. hxg3 Ra3 25. Bf3 Qc5 26. Rc1 h6 27. Kg2 Kh7 28. Nd5 Bxd5 29. exd5 f5 30. Qd3 e4 31. Bxe4 fxe4 32. Qxe4+ Kh8 33. Qe8+ Kh7 34. Qe4+ Kh8 1/2-1/2

[Event "Wch U16"]
[Site "Montesilvano"]
[Date "2023.11.20"]
[Round "7"]
[White "Piliposyan, Robert"]
[Black "Savicevs, Arsenijs"]
[Result "1/2-1/2"]
[WhiteElo "2345"]
[BlackElo "2169"]
[PlyCount "114"]
[EventDate "2023.11.13"]
[EventType "swiss"]
[EventRounds "11"]
[EventCountry "ITA"]
[SourceTitle "CB48_2023"]
[SourceDate "2023.11.29"]
[SourceVersion "1"]
[SourceVersionDate "2023.11.29"]
[SourceQuality "1"]

1. e4 c5 2. Nf3 d6 3. d4 cxd4 4. Nxd4 Nf6 5. Nc3 a6 6. Be2 e5 7. Nb3 Be7 8. Qd3 Be6 9. Bd2 Nbd7 10. Nd5 Bxd5 11. exd5 Rc8 12. c4 0-0 13. 0-0 b6 14. Rae1 a5 15. a4 Nc5 16. Nxc5 bxc5 17. f4 exf4 18. Bxf4 Rb8 19. b3 Rb6 20. Bd1 Nd7 21. Bc2 g6 22. Qc3 Ra6 23. Bh6 Bf6 24. Qd2 Bg7 25. Bg5 f6 26. Bf4 Ne5 27. g3 f5 28. Kg2 Ra7 29. h3 Bf6 30. Bh6 Re8 31. Bd1 Rae7 32. Bf4 Nd3 33. Re6 Nxf4+ 34. gxf4 Rxe6 35. dxe6 Rxe6 36. Qd5 Kf7 37. Re1 Qd7 38. Bf3 Bc3 39. Re2 Kf6 40. Rxe6+ Qxe6 41. Qxe6+ Kxe6 42. Bb7 Be1 43. Kf3 Kf6 44. Ke2 Bh4 45. Bc6 h6 46. Bd7 g5 47. fxg5+ hxg5 48. Bc8 Ke5 49. Kd3 Kf4 50. Bd7 Bf2 51. Bc8 Bd4 52. Bd7 Bf6 53. Bc8 Be7 54. Bd7 Ke5 55. Bc8 Bf8 56. Bd7 Kf4 57. Bc8 Bh6 1/2-1/2

[Event "Wch U16"]
[Site "Montesilvano"]
[Date "2023.11.15"]
[Round "3"]
[White "Turcsanyi, Vince Gergo"]
[Black "Piliposyan, Robert"]
[Result "0-1"]
[WhiteElo "2152"]
[BlackElo "2345"]
[PlyCount "80"]
[EventDate "2023.11.13"]
[EventType "swiss"]
[EventRounds "11"]
[EventCountry "ITA"]
[SourceTitle "CB48_2023"]
[SourceDate "2023.11.29"]
[SourceVersion "1"]
[SourceVersionDate "2023.11.29"]
[SourceQuality "1"]

1. Nf3 d5 2. e3 c5 3. b3 a6 4. Bb2 Nc6 5. d4 Nf6 6. Be2 Bg4 7. Nbd2 e6 8. 0-0 Be7 9. Ne5 Bxe2 10. Qxe2 cxd4 11. exd4 0-0 12. Ndf3 Ne4 13. Nxc6 bxc6 14. Ne5 Qc7 15. c4 a5 16. c5 Rfb8 17. f3 Nf6 18. Bc3 Nd7 19. Nd3 Re8 20. Rfe1 Bf8 21. Qf2 g6 22. a3 Qb8 23. b4 axb4 24. axb4 Qb5 25. Ne5 Nxe5 26. dxe5 Red8 27. Qd4 Bh6 28. Kf2 Rdb8 29. f4 Bf8 30. g3 Ra4 31. Rxa4 Qxa4 32. Ra1 Qc2+ 33. Kg1 h5 34. Qd2 Qe4 35. Qd4 Qxd4+ 36. Bxd4 Rxb4 37. Bf2 Rc4 38. Ra5 d4 39. Ra6 d3 40. Ra3 d2 0-1

[Event "Wch U20 Blitz"]
[Site "Pula"]
[Date "2023.10.14"]
[Round "4"]
[White "Piliposyan, Robert"]
[Black "Sadhwani, Raunak"]
[Result "0-1"]
[WhiteElo "2356"]
[BlackElo "2641"]
[PlyCount "116"]
[EventDate "2023.10.14"]
[EventType "swiss (blitz)"]
[EventRounds "11"]
[EventCountry "ITA"]
[SourceTitle "Mega2024 Update 01"]
[Source "Chessbase"]
[SourceDate "2023.11.12"]
[SourceVersion "1"]
[SourceVersionDate "2023.11.12"]
[SourceQuality "1"]

1. d4 Nf6 2. c4 e6 3. Nf3 b6 4. g3 Bb7 5. Bg2 Be7 6. 0-0 0-0 7. h4 a5 8. Re1 h6 9. Nc3 Ne4 10. Bd2 Nxc3 11. Bxc3 Be4 12. d5 Bf6 13. Bxf6 Qxf6 14. Qd4 Qf5 15. Nd2 Bxg2 16. Kxg2 e5 17. e4 Qf6 18. Qc3 d6 19. b3 Nd7 20. a3 Qg6 21. Qd3 f5 22. exf5 Rxf5 23. Re3 Nc5 24. Qe2 Raf8 25. Rf1 Nd7 26. Ne4 Nf6 27. Nxf6+ R8xf6 28. Kh2 h5 29. b4 a4 30. Rc3 Qg4 31. Qxg4 hxg4 32. Kg2 Rf3 33. Rxf3 Rxf3 34. Rc1 Rxa3 35. c5 bxc5 36. bxc5 Rd3 37. cxd6 cxd6 38. Rc4 Rd4 39. Rc8+ Kf7 40. Ra8 e4 41. Ra6 Ke7 42. Kf1 Kd7 43. Ra7+ Kc8 44. Ke2 Kb8 45. Ra6 Kb7 46. Ra5 Kb6 47. Ra8 Kb5 48. Ke3 Rxd5 49. Kxe4 Rd1 50. Ra7 g6 51. Kf4 Kb4 52. Rb7+ Kc3 53. Ra7 Rd4+ 54. Kg5 Kb3 55. Kxg6 a3 56. h5 a2 57. Rxa2 Kxa2 58. h6 Ra4 0-1

[Event "Wch U20 Rapid"]
[Site "Pula"]
[Date "2023.10.12"]
[Round "9"]
[White "Globus, Or"]
[Black "Piliposyan, Robert"]
[Result "1-0"]
[WhiteElo "2434"]
[BlackElo "2356"]
[PlyCount "77"]
[EventDate "2023.10.10"]
[EventType "swiss (rapid)"]
[EventRounds "11"]
[EventCountry "ITA"]
[SourceTitle "Mega2024 Update 01"]
[Source "Chessbase"]
[SourceDate "2023.11.12"]
[SourceVersion "1"]
[SourceVersionDate "2023.11.12"]
[SourceQuality "1"]

1. d4 Nf6 2. c4 e6 3. Nf3 d5 4. g3 dxc4 5. Bg2 a6 6. 0-0 Nc6 7. e3 Rb8 8. Nfd2 e5 9. Bxc6+ bxc6 10. dxe5 Ng4 11. Nxc4 Be6 12. Nbd2 Bb4 13. Qc2 h5 14. b3 h4 15. Nf3 hxg3 16. fxg3 f5 17. exf6 Qxf6 18. Bb2 Qh6 19. Nh4 Nxe3 20. Qe4 Nxc4 21. bxc4 Kd7 22. Rad1+ Bd6 23. c5 Bd5 24. Rxd5 cxd5 25. Qg4+ Qe6 26. c6+ Kxc6 27. Qxe6 Rxb2 28. Rc1+ Kb6 29. Qxd5 Rb5 30. Qd3 Rhh5 31. Rb1 Bb4 32. a4 Bc5+ 33. Kg2 Rxb1 34. Qxb1+ Ka5 35. Nf5 g6 36. g4 Rg5 37. Qe1+ Bb4 38. Qe5+ c5 39. Qf4 1-0

[Event "Wch U20 Rapid"]
[Site "Pula"]
[Date "2023.10.12"]
[Round "11"]
[White "Martinovici, Ilie"]
[Black "Piliposyan, Robert"]
[Result "1/2-1/2"]
[WhiteElo "2432"]
[BlackElo "2356"]
[PlyCount "170"]
[EventDate "2023.10.10"]
[EventType "swiss (rapid)"]
[EventRounds "11"]
[EventCountry "ITA"]
[SourceTitle "Mega2024 Update 01"]
[Source "Chessbase"]
[SourceDate "2023.11.12"]
[SourceVersion "1"]
[SourceVersionDate "2023.11.12"]
[SourceQuality "1"]

1. d4 Nf6 2. c4 e6 3. Nc3 Bb4 4. Qc2 c5 5. dxc5 0-0 6. Bf4 Bxc5 7. e3 Nc6 8. Nf3 Qa5 9. a3 d5 10. Rc1 Be7 11. cxd5 exd5 12. Be2 Bg4 13. 0-0 Rad8 14. Nb5 Rc8 15. Qb3 Qb6 16. Qd3 Rfd8 17. Ne5 Bxe2 18. Qxe2 Ne4 19. Nxc6 bxc6 20. Nc3 Nxc3 21. Rxc3 Bf6 22. Rc2 c5 23. Rfc1 c4 24. Qd2 Qb3 25. Qb4 Qxb4 26. axb4 Be7 27. b5 Rc5 28. b3 Rdc8 29. bxc4 dxc4 30. Rb1 g5 31. Bg3 c3 32. Kf1 Rd8 33. Ke2 Bf6 34. f3 h5 35. e4 Bd4 36. Rb4 Bg1 37. h3 h4 38. Be1 Bd4 39. Rb3 Rdc8 40. Kd3 Rd8 41. Ke2 Rb8 42. Rb4 Be5 43. Bf2 Rcxb5 44. Rxb5 Rxb5 45. Bxa7 Rb1 46. Be3 f6 47. Bf2 Rh1 48. Be1 Rg1 49. Bxc3 Bxc3 50. Rxc3 Rxg2+ 51. Kf1 Rg3 52. Kf2 Rxh3 53. Kg2 Rg3+ 54. Kf2 Kf7 55. Rc6 Rh3 56. Kg2 Rg3+ 57. Kf2 Kg7 58. Ra6 g4 59. fxg4 Rxg4 60. Kf3 Rg3+ 61. Kf4 Rg5 62. Ra3 Kg6 63. Rh3 Kh5 64. Rh1 Rg2 65. Kf3 Rg3+ 66. Kf4 Rb3 67. Rg1 Rb2 68. Rg8 Rf2+ 69. Ke3 Rf1 70. Ke2 Rh1 71. Kf3 h3 72. Rh8+ Kg5 73. Rg8+ Kh6 74. Rh8+ Kg6 75. Kg3 Rg1+ 76. Kf2 Rg2+ 77. Kf3 Rh2 78. Kg3 Re2 79. Kf3 Rh2 80. Kg3 Rg2+ 81. Kf3 Ra2 82. Rxh3 Ra3+ 83. Kg4 Rxh3 84. Kxh3 f5 85. exf5+ Kxf5 1/2-1/2

[Event "Wch U20 Rapid"]
[Site "Pula"]
[Date "2023.10.12"]
[Round "10"]
[White "Piliposyan, Robert"]
[Black "Casadio, Niccolo"]
[Result "1-0"]
[WhiteElo "2356"]
[BlackElo "2082"]
[PlyCount "61"]
[EventDate "2023.10.10"]
[EventType "swiss (rapid)"]
[EventRounds "11"]
[EventCountry "ITA"]
[SourceTitle "Mega2024 Update 01"]
[Source "Chessbase"]
[SourceDate "2023.11.12"]
[SourceVersion "1"]
[SourceVersionDate "2023.11.12"]
[SourceQuality "1"]

1. d4 Nf6 2. c4 g6 3. Nc3 Bg7 4. e4 d6 5. Be2 0-0 6. Be3 e5 7. d5 Na6 8. h4 Nc5 9. Qc2 h5 10. Bg5 a5 11. g4 Bxg4 12. Bxg4 hxg4 13. h5 Qd7 14. hxg6 fxg6 15. Nge2 a4 16. 0-0-0 c6 17. Ng3 cxd5 18. exd5 Rac8 19. Qxg6 Qf7 20. Qc2 a3 21. b3 e4 22. Nf5 Rfe8 23. Be3 Nd3+ 24. Rxd3 exd3 25. Qxd3 Ne4 26. Nxg7 Qf3 27. Re1 Nxf2 28. Qg6 Qf7 29. Qxf7+ Kxf7 30. Nxe8 Nd3+ 31. Kd2 1-0

[Event "Wch U20 Rapid"]
[Site "Pula"]
[Date "2023.10.11"]
[Round "6"]
[White "Piliposyan, Robert"]
[Black "Nesterov, Arseniy"]
[Result "1/2-1/2"]
[WhiteElo "2356"]
[BlackElo "2575"]
[PlyCount "134"]
[EventDate "2023.10.10"]
[EventType "swiss (rapid)"]
[EventRounds "11"]
[EventCountry "ITA"]
[SourceTitle "Mega2024 Update 01"]
[Source "Chessbase"]
[SourceDate "2023.11.12"]
[SourceVersion "1"]
[SourceVersionDate "2023.11.12"]
[SourceQuality "1"]

1. d4 d5 2. c4 e6 3. Nf3 Nf6 4. Nc3 Nbd7 5. Bf4 dxc4 6. e3 b5 7. Nxb5 Bb4+ 8. Nc3 Nd5 9. a3 Nxc3 10. Qd2 Bxa3 11. bxa3 Nd5 12. Bg3 N5b6 13. Bh4 f6 14. Qc2 c5 15. Rd1 Qc7 16. Bg3 Qc6 17. Be2 Bb7 18. 0-0 cxd4 19. Rxd4 e5 20. Rh4 0-0-0 21. Rxh7 Rxh7 22. Qxh7 g5 23. Rc1 Kb8 24. Qe7 Rc8 25. Bf1 Qc5 26. Qxc5 Nxc5 27. h4 gxh4 28. Bxh4 Ne4 29. Ne1 Rh8 30. g3 f5 31. Nf3 Re8 32. Bg2 Nc5 33. Nd2 Bxg2 34. Kxg2 Rc8 35. Bf6 Ncd7 36. Be7 a5 37. Nf3 Rc6 38. Nh4 f4 39. exf4 exf4 40. gxf4 c3 41. f5 Nd5 42. Bg5 Ne5 43. f6 Nf7 44. Nf3 Nxg5 45. Nxg5 Rxf6 46. Ne4 Rc6 47. Kf3 Rc4 48. Nd6 Rf4+ 49. Ke2 Rd4 50. Rb1+ Ka8 51. Nb5 Rd2+ 52. Ke1 Rc2 53. Nd4 Rb2 54. Rc1 Kb7 55. Rc2 Kb6 56. Kd1 Kc5 57. Ne6+ Kd6 58. Nd4 Rb1+ 59. Rc1 Rb7 60. Ne2 Rb3 61. Nd4 Rb8 62. Ne2 Rb3 63. Nd4 a4 64. Kc2 Rb2+ 65. Kd3 Rxf2 66. Nb5+ Kc5 67. Nxc3 Rf3+ 1/2-1/2

[Event "Wch U20 Rapid"]
[Site "Pula"]
[Date "2023.10.10"]
[Round "1"]
[White "Moretti, Lorenzo"]
[Black "Piliposyan, Robert"]
[Result "0-1"]
[WhiteElo "1341"]
[BlackElo "2356"]
[PlyCount "60"]
[EventDate "2023.10.10"]
[EventType "swiss (rapid)"]
[EventRounds "11"]
[EventCountry "ITA"]
[SourceTitle "Mega2024 Update 01"]
[Source "Chessbase"]
[SourceDate "2023.11.12"]
[SourceVersion "1"]
[SourceVersionDate "2023.11.12"]
[SourceQuality "1"]

1. e4 c5 2. Nf3 e6 3. d4 cxd4 4. Nxd4 Nc6 5. Be3 Nf6 6. Nc3 Bb4 7. Nxc6 bxc6 8. Bd3 d5 9. e5 d4 10. Bd2 Nd7 11. Ne2 Bxd2+ 12. Qxd2 Nxe5 13. Be4 f5 14. Qf4 Qa5+ 15. b4 Qxb4+ 16. Kf1 Qc5 17. Bd3 Nxd3 18. cxd3 e5 19. Qf3 0-0 20. Rc1 Qd5 21. Qg3 c5 22. h4 f4 23. Qg5 f3 24. Nf4 Rxf4 25. g3 Rf8 26. h5 h6 27. Qd2 Ba6 28. g4 e4 29. g5 Bxd3+ 30. Ke1 Qxg5 0-1

[Event "EU-ch U16 31st"]
[Site "Mamaia"]
[Date "2023.09.07"]
[Round "3"]
[White "Piliposyan, Robert"]
[Black "Nastore, Pavel Alexandru"]
[Result "1/2-1/2"]
[WhiteElo "2374"]
[BlackElo "2180"]
[PlyCount "111"]
[EventDate "2023.09.05"]
[EventType "swiss"]
[EventRounds "9"]
[EventCountry "ROU"]
[SourceTitle "EXT 2024"]
[Source "ChessBase"]
[SourceDate "2023.10.10"]
[SourceVersion "1"]
[SourceVersionDate "2023.10.10"]
[SourceQuality "1"]

1. d4 d5 2. Nf3 Nf6 3. c4 c6 4. Nc3 dxc4 5. a4 Bf5 6. Ne5 Nbd7 7. Nxc4 Qc7 8. g3 e5 9. dxe5 Nxe5 10. Bf4 Nfd7 11. Bg2 g5 12. Ne3 gxf4 13. Nxf5 0-0-0 14. Qc2 Kb8 15. 0-0 fxg3 16. hxg3 h5 17. a5 h4 18. Rfd1 hxg3 19. Nxg3 a6 20. Qf5 Be7 21. e3 Nf6 22. Rxd8+ Rxd8 23. Nce4 Nd5 24. Rd1 f6 25. Qe6 Ka7 26. Ra1 Qd7 27. Qxd7 Rxd7 28. b3 Bb4 29. Bh3 Rd8 30. Kf1 Rh8 31. Kg2 Nd3 32. Bf5 Nc5 33. Nxc5 Bxc5 34. Be6 Nc7 35. Bc4 Bb4 36. Ne4 Rh6 37. Kf3 Nd5 38. Bxd5 cxd5 39. Ng3 b6 40. Rd1 Bxa5 41. Rxd5 b5 42. Rd7+ Kb6 43. Rd6+ Kb7 44. Ne4 Bb4 45. Rxf6 Rxf6+ 46. Nxf6 Kc6 47. Ke4 a5 48. Kd3 a4 49. bxa4 bxa4 50. Kc4 Be1 51. Ne4 Ba5 52. Nc3 a3 53. Kb3 Kd6 54. f4 a2 55. Nb5+ Kc5 56. Kxa2 1/2-1/2

[Event "EU-ch U16 31st"]
[Site "Mamaia"]
[Date "2023.09.05"]
[Round "1"]
[White "Piliposyan, Robert"]
[Black "Ghimoyan, Narek"]
[Result "1/2-1/2"]
[WhiteElo "2374"]
[BlackElo "2015"]
[PlyCount "110"]
[EventDate "2023.09.05"]
[EventType "swiss"]
[EventRounds "9"]
[EventCountry "ROU"]
[SourceTitle "EXT 2024"]
[Source "ChessBase"]
[SourceDate "2023.10.10"]
[SourceVersion "1"]
[SourceVersionDate "2023.10.10"]
[SourceQuality "1"]

1. d4 Nf6 2. c4 e6 3. g3 d5 4. Bg2 Be7 5. Nf3 0-0 6. Nc3 c5 7. cxd5 exd5 8. 0-0 Nc6 9. Be3 c4 10. Ne5 Be6 11. Nxc6 bxc6 12. b3 cxb3 13. axb3 Qb6 14. Bg5 h6 15. Na4 Qb4 16. Bxf6 Bxf6 17. e3 Be7 18. Rc1 Rfc8 19. Rc3 Rab8 20. Qc2 g6 21. Ra1 h5 22. h4 Bf5 23. Qc1 Qb7 24. Nc5 Bxc5 25. Rxc5 Bd7 26. Bf1 Qxb3 27. Rxa7 Rb7 28. Ra3 Qb1 29. Ba6 Qe4 30. f3 Qxf3 31. e4 Rb3 32. Rxb3 Qxb3 33. Rc3 Qb6 34. Bxc8 Qxd4+ 35. Qe3 Qd1+ 36. Kh2 Bxc8 37. Rxc6 Be6 38. exd5 Bxd5 39. Rc1 Qf3 40. Rc8+ Kh7 41. Qxf3 Bxf3 42. Kg1 Kg7 43. Kf2 Bg4 44. Rc7 Be6 45. Ke3 Bg4 46. Ke4 Be6 47. Ke5 Bg4 48. Kd6 Be6 49. Ke7 Bf5 50. Ke8 Be6 51. Ra7 Kg8 52. Ra4 Kg7 53. Ke7 Bf5 54. Rf4 Be6 55. Kd6 Bc8 1/2-1/2

[Event "World ol U16"]
[Site "Eindhoven"]
[Date "2023.08.17"]
[Round "8.3"]
[White "Piliposyan, Robert"]
[Black "Samadov, Read"]
[Result "0-1"]
[WhiteElo "2375"]
[BlackElo "2492"]
[PlyCount "72"]
[EventDate "2023.08.13"]
[EventType "team-swiss"]
[EventRounds "9"]
[EventCountry "NED"]
[SourceTitle "CBM 215 Extra"]
[Source "ChessBase"]
[SourceDate "2023.09.30"]
[SourceVersion "1"]
[SourceVersionDate "2023.09.30"]
[SourceQuality "1"]
[WhiteTeam "Armenia"]
[BlackTeam "Azerbaijan"]
[WhiteTeamCountry "ARM"]
[BlackTeamCountry "AZE"]

1. d4 Nf6 2. c4 g6 3. Nc3 Bg7 4. e4 d6 5. Be2 0-0 6. Be3 Nc6 7. d5 Ne5 8. h3 e6 9. Nf3 Nxf3+ 10. Bxf3 a5 11. 0-0 Nd7 12. Qc2 e5 13. Bg4 h5 14. Be2 f5 15. exf5 gxf5 16. f4 h4 17. fxe5 Nxe5 18. Rae1 Bd7 19. Nb5 Kh8 20. Nd4 Qf6 21. Qd2 Rae8 22. Bh5 Nxc4 23. Bxe8 Nxd2 24. Bxd2 Rxe8 25. Rxe8+ Bxe8 26. Bc3 Qg6 27. Rxf5 Bd7 28. Rf4 Kg8 29. Rxh4 Qg5 30. Nf3 Qe3+ 31. Kh2 Bxc3 32. bxc3 Qxc3 33. Re4 Qf6 34. Nd4 Qg5 35. Ne6 Qxd5 36. Rg4+ Kf7 0-1

[Event "World ol U16"]
[Site "Eindhoven"]
[Date "2023.08.13"]
[Round "1.15"]
[White "Hashimoto, Shunji"]
[Black "Piliposyan, Robert"]
[Result "0-1"]
[WhiteElo "1789"]
[BlackElo "2375"]
[PlyCount "84"]
[EventDate "2023.08.13"]
[EventType "team-swiss"]
[EventRounds "9"]
[EventCountry "NED"]
[SourceTitle "CBM 215 Extra"]
[Source "ChessBase"]
[SourceDate "2023.09.30"]
[SourceVersion "1"]
[SourceVersionDate "2023.09.30"]
[SourceQuality "1"]
[WhiteTeam "Japan"]
[BlackTeam "Armenia"]
[WhiteTeamCountry "JPN"]
[BlackTeamCountry "ARM"]

1. d4 Nf6 2. Nf3 d5 3. Bf4 c5 4. c3 e6 5. e3 Nc6 6. Bd3 Bd6 7. Bg3 0-0 8. Nbd2 Qe7 9. 0-0 Bxg3 10. hxg3 e5 11. dxe5 Nxe5 12. Nxe5 Qxe5 13. Nf3 Qc7 14. Qc2 h6 15. Rad1 Be6 16. Be2 Rad8 17. Nd2 Rd7 18. Bf3 Rfd8 19. Nb3 b6 20. Rd2 Qe5 21. Rfd1 Bf5 22. Qc1 g5 23. Re1 g4 24. Be2 Ne4 25. Rdd1 h5 26. Nd2 Nf6 27. c4 Be6 28. cxd5 Bxd5 29. Bb5 Rd6 30. b3 Bb7 31. Qc2 a6 32. Bf1 b5 33. a4 Bc6 34. Nb1 Ne4 35. axb5 axb5 36. Na3 Rd2 37. Qc1 Qf6 38. Rxd2 Rxd2 39. Rd1 Qxf2+ 40. Kh2 Qxg3+ 41. Kg1 Qxe3+ 42. Kh1 Nf2+ 0-1

[Event "EU-chT U18"]
[Site "Iasi"]
[Date "2023.07.28"]
[Round "5.2"]
[White "Piliposyan, Robert"]
[Black "Yaniv, Yuval"]
[Result "0-1"]
[WhiteElo "2375"]
[BlackElo "2390"]
[PlyCount "128"]
[EventDate "2023.07.24"]
[EventType "team-swiss"]
[EventRounds "7"]
[EventCountry "ROU"]
[SourceTitle "CBM 215 Extra"]
[Source "ChessBase"]
[SourceDate "2023.09.30"]
[SourceVersion "1"]
[SourceVersionDate "2023.09.30"]
[SourceQuality "1"]
[WhiteTeam "Armenia U18"]
[BlackTeam "Israel U18"]
[WhiteTeamCountry "ARM"]
[BlackTeamCountry "ISR"]

1. d4 Nf6 2. c4 g6 3. Nc3 Bg7 4. e4 d6 5. Be2 0-0 6. Be3 Nc6 7. d5 Ne5 8. f4 Neg4 9. Bd2 Nh6 10. h3 e6 11. dxe6 fxe6 12. g4 b5 13. cxb5 Bb7 14. Qc2 d5 15. 0-0-0 dxe4 16. Bc4 Nd5 17. Nxe4 c6 18. b6 axb6 19. Kb1 c5 20. Ne2 Qc7 21. Rhe1 Kh8 22. Ng5 Rfe8 23. Nc3 Qd7 24. Qb3 Rad8 25. Bc1 Bxc3 26. bxc3 Bc6 27. Bxd5 exd5 28. Ka1 Ba4 29. Rxe8+ Qxe8 30. Qxb6 Bxd1 31. Qf6+ Kg8 32. Ne6 Rd7 33. f5 Bc2 34. Nxc5 Rf7 35. Qe6 Qxe6 36. fxe6 Rc7 37. Na6 Rxc3 38. Bxh6 Ba4 39. Nb4 Rxh3 40. Bf4 d4 41. Kb2 h5 42. gxh5 gxh5 43. Nd5 h4 44. Be5 Rf3 45. Nf6+ Kf8 46. Bd6+ Kg7 47. Ne4 Kg6 48. e7 Re3 49. Nc5 Bc6 50. Nb3 Re4 51. Kc2 h3 52. Kd3 Rxe7 53. Nxd4 Rd7 54. Bf4 Bd5 55. Bh2 Kg5 56. Ke3 Kg4 57. a3 Ra7 58. Nc2 Bb3 59. Nd4 Rxa3 60. Ke4 Ra2 61. Be5 Bd5+ 62. Kxd5 Ra5+ 63. Ke4 Rxe5+ 64. Kxe5 h2 0-1